000 00928nam a22002537a 4500
005 20240530110441.0
008 150420s2010 ua a g 000 0 ara d
017 _a2010/1941
_bمصر . دار الكتب المصرية
020 _a9772327686
040 _aEG-CaGPL
082 0 4 _221
_a070.41\
_bش ب
100 0 _aشعيب الغباشى .
245 1 0 _aبحوث الصحافة الالكترونية /
_cشعيب الغباشى .
250 _aط1.
260 _aالقاهرة :
_bعالم الكتب ،
_c2010 .
300 _a208 ص ؛
_c24 سم.
504 _aيشتمل على ارجاعات ببليوجرافية
650 0 4 _aالصحافة الالكترونية .
650 0 4 _aالصحافة الالكترونية
_xتحرير
650 0 4 _aالصحافة
_xتحرير.
650 0 4 _aالصحافة
_xالتحرير الالى.
942 _2ddc
_cBK
999 _c61044
_d61044